000 00762nab a2200241 u 4500
001 17188
003 HDC
007 cr bn ---aaaaa
008 210223c mydr|noo 0 a may d
040 _aHDC
245 0 _aUPM tubuh makmal haiwan akhir bulan ini
260 _aMalaysia :
_bUtusan Malaysia,
_c2002
336 _atext
_2rdacontent
337 _acomputer
_2rdamedia
338 _aonline resource
_2rdacarrier
650 _aeducation
_9844
650 _aveterinary sector
_916694
710 _aUtusan Malaysia
856 _zRequest full-text at [email protected]
942 _2lcc
942 _cNEWS
942 _kNWSO 008581
999 _c14504
_d14504